00335nam a2200109Ia 4500008004000000082001800040100001500058245004500073260003300118300001600151650005800167210210b1992 xxu||||| |||| 00| 0 eng d a510.2465 NAGB aNAG (N K). aBusiness mathematics and statistics. P1. aNDbKalyani Publishersc1992 avii,730,240 aI C W A maths Algebra, geometry Calculus Mensurati